Statistics for 50 Most Common Street Names in the UK

Click here to take the quiz!

General Stats

  • This quiz has been taken 870 times
  • The average score is 17 of 50

Answer Stats

Name% Correct
High Street
72%
London Road
66%
Kings Road
64%
King Street
64%
Kingsway
64%
Main Road
64%
Main Street
64%
Queens Road
64%
Queen Street
64%
Queensway
64%
Church Lane
61%
Church Road
61%
Church Street
61%
West Street
54%
North Road
53%
North Street
53%
South Street
53%
Victoria Road
42%
Victoria Street
42%
Park Avenue
40%
Park Lane
40%
Park Road
40%
Green Lane
38%
The Green
38%
George Street
35%
Station Road
34%
New Road
33%
New Street
33%
Chester Road
30%
School Lane
27%
Manchester Road
26%
Albert Road
21%
York Road
21%
St. John’s Road
20%
The Avenue
20%
Broadway
13%
Mill Lane
13%
Mill Road
13%
Windsor Road
12%
The Crescent
10%
Manor Road
9%
Alexander Road
7%
Grove Road
7%
The Grove
7%
Grange Road
5%
The Drive
5%
Highfield Road
3%
Springfield Road
3%
Richmond Road
2%
Stanley Road
2%

Score Distribution

Percentile by Number Answered

Percent of People with Each Score

Your Score History

You have not taken this quiz